LEADER 01043nam0-22002891i-450- 001 990005967390403321 005 19980601 035 $a000596739 035 $aFED01000596739 035 $a(Aleph)000596739FED01 035 $a000596739 100 $a19980601d1913----km-y0itay50------ba 105 $a--------00-yy 200 1 $aCommento alla Legge 16 febbraio 1913 n. 693 Sullo Stato Giuridico degli Impiegati con l'aggiunta della Tariffa e di un Formulario completo degli Atti Notarili$fFrancesco Degni. 210 $aRoma$cAthenaeum$d1913 215 $aXVI, 478 p.$d11 cm 225 1 $aCollezione leggi commentate$v4 676 $a348 700 1$aDegni,$bFrancesco$0191632 801 0$aIT$bUNINA$gRICA$2UNIMARC 901 $aBK 912 $a990005967390403321 952 $aVIII Z 120 (4)$b3458$fFGBC 959 $aFGBC 996 $aCommento alla Legge 16 febbraio 1913 n. 693 Sullo Stato Giuridico degli Impiegati con l'aggiunta della Tariffa e di un Formulario completo degli Atti Notarili$9582307 997 $aUNINA DB $aGIU01 LEADER 02431nam 22006134a 450 001 9910777526003321 005 20230617001446.0 010 $a979-88-908792-2-6 010 $a0-8078-7692-5 035 $a(CKB)1000000000462074 035 $a(EBL)413349 035 $a(OCoLC)476237065 035 $a(SSID)ssj0000208226 035 $a(PQKBManifestationID)11189132 035 $a(PQKBTitleCode)TC0000208226 035 $a(PQKBWorkID)10240008 035 $a(PQKB)11529858 035 $a(Au-PeEL)EBL413349 035 $a(CaPaEBR)ebr10273437 035 $a(CaONFJC)MIL929290 035 $a(MiAaPQ)EBC413349 035 $a(EXLCZ)991000000000462074 100 $a20050301d2005 ub 0 101 0 $aeng 135 $aur|n|---||||| 181 $ctxt 182 $cc 183 $acr 200 10$aNation & citizen in the Dominican Republic, 1880-1916$b[electronic resource] /$fTeresita Marti?nez-Vergne 210 $aChapel Hill $cUniversity of North Carolina Press$dc2005 215 $a1 online resource (256 p.) 300 $aDescription based upon print version of record. 311 $a0-8078-5636-3 311 $a0-8078-2976-5 320 $aIncludes bibliographical references (p. [173]-222) and index. 327 $aThe national project -- The city as the site of citizenship -- Race in the formation of nationality -- Representing bourgeois womanhood -- Working people in the city -- Claiming citizenship from below. 330 $aCombining intellectual and social history, this book explores the processes by which people in the Dominican Republic began to hammer out a common sense of purpose and a modern national identity, at the end of the nineteenth and beginning of the twentieth centuries. 606 $aNationalism$zDominican Republic$xHistory 606 $aNational characteristics, Dominican 606 $aCitizenship$zDominican Republic 607 $aDominican Republic$xIntellectual life 607 $aDominican Republic$xPolitics and government$y1844-1930 615 0$aNationalism$xHistory. 615 0$aNational characteristics, Dominican. 615 0$aCitizenship 676 $a972.93/04 700 $aMarti?nez Vergne$b Teresita$01562714 801 0$bMiAaPQ 801 1$bMiAaPQ 801 2$bMiAaPQ 906 $aBOOK 912 $a9910777526003321 996 $aNation & citizen in the Dominican Republic, 1880-1916$93830566 997 $aUNINA